IX Muestra de Cine Mexicano en Guadalajara : 1994 : 11 al 17 de marzo /
Catálogo de la novena Muestra de Cine Mexicano en Guadalajara (1994), rebautizada Festival Internacional de Cine en Guadalajara (FICG) a partir de su 20ª edición (2005), compuesta por cuatro secciones: nueve películas en el concurso de largometrajes mexicanos; once cortometrajes nacionales; siete pe...
Guardat en:
| Autor corporatiu: | |
|---|---|
| Format: | Actes de congresos Llibre |
| Idioma: | espanyol |
| Publicat: |
Guadalajara, México :
Universidad de Guadalajara, Centro de Investigación y Enseñanza Cinematográficas,
1994
|
| Matèries: | |
| Etiquetes: |
Sense etiquetes, Sigues el primer a etiquetar aquest registre!
|
MARC
| LEADER | 00000nam^a2200000^a^4500 | ||
|---|---|---|---|
| 001 | 000049280 | ||
| 005 | 20260226151516.0 | ||
| 009 | 20260310090159.479 | ||
| 037 | |a Acervo ITESO - Biblioteca | ||
| 041 | |a ESP | ||
| 082 | |a 302. 23550972352 |b FICG 1994 | ||
| 111 | |a Muestra de Cine Mexicano en Guadalajara ( |n 9ª : |d 1994 : |c Guadalajara, México) | ||
| 240 | 1 | 1 | |a [FICG] |
| 240 | 1 | 1 | |a [FICG: catálogos] |
| 240 | 1 | 1 | |a [Festival Internacional de Cine en Guadalajara] |
| 240 | 1 | 1 | |a [Festival Internacional de Cine en Guadalajara: catálogos] |
| 240 | 1 | 1 | |a [Muestra de Cine Mexicano en Guadalajara] |
| 240 | 1 | 1 | |a [Muestra de Cine Mexicano en Guadalajara: catálogos] |
| 240 | 1 | 1 | |a [Muestra de Cine Mexicano en Guadalajara 1994] |
| 245 | 1 | 0 | |a IX Muestra de Cine Mexicano en Guadalajara : |b 1994 : 11 al 17 de marzo / |
| 246 | 2 | |a Título en la cubierta: IX Muestra de Cine Mexicano en Guadalajara: 11-17 de marzo 1994 | |
| 264 | 1 | |a Guadalajara, México : |b Universidad de Guadalajara, Centro de Investigación y Enseñanza Cinematográficas, |c 1994 | |
| 300 | |a 99 p. ; |c 23.0 cm. | ||
| 336 | |a texto |b txt |2 rdacontenido | ||
| 337 | |a sin mediación |b n |2 rdamedio | ||
| 338 | |a volumen |b nc |2 rdasoporte | ||
| 520 | |a Catálogo de la novena Muestra de Cine Mexicano en Guadalajara (1994), rebautizada Festival Internacional de Cine en Guadalajara (FICG) a partir de su 20ª edición (2005), compuesta por cuatro secciones: nueve películas en el concurso de largometrajes mexicanos; once cortometrajes nacionales; siete películas iberoamericanas; cinco películas invitadas, con diferentes grados de relación o coproducción mexicana, y una retrospectiva en homenaje a Ismael Rodríguez (1917-2004), el más joven de los directores canónicos de la época de oro del cine mexicano. Principio y fin (1993), décimo noveno largometraje dirigido por Arturo Ripstein y que había sido reconocido previamente con la Concha de Oro a Mejor Película en el 41° Festival Internacional de Cine de San Sebastián, fue galardonado con los premios de la Crítica Internacional y de la revista Dicine, en tanto el público otorgó su premio a Hasta morir (1993), primera película realizada por Fernando Sariñana. El jurado de Dicine nombró tres menciones para los cortometrajes El héroe, de Carlos Carrera; Peor es nada, de Javier Bourges, y Ponchada, de Alejandra Moya, los tres filmados en 1993. La contundente animación de El héroe recibió, un par de meses después, el premio a mejor cortometraje en el 47° Festival Internacional de Cine de Cannes, Francia. | ||
| 585 | |a Muestra de Cine Mexicano en Guadalajara (9ª: 1994) | ||
| 649 | |a XX | ||
| 650 | |a Cineastas Mexicanos - |x Homenajes | ||
| 650 | |a Cineastas Mexicanos - |x Ciclos y Retrospectivas | ||
| 650 | |a Cine Mexicano - |x Festivales - |x Catálogos - |x Tema Principal | ||
| 650 | |a Cine Mexicano - |x Ciclos y Retrospectivas | ||
| 650 | |a Cine Mexicano - |x Historia y Crítica | ||
| 650 | |a Cine Mexicano - |y 1940-1949 | ||
| 650 | |a Cine Mexicano - |y 1950-1959 | ||
| 650 | |a Cine Mexicano - |y 1960-1969 | ||
| 650 | |a Cine Mexicano - |y 1990-1999 | ||
| 650 | |a Cine Mexicano - |y Siglo XX | ||
| 650 | |a Cine Iberoamericano - |x Ciclos y Retrospectivas | ||
| 650 | |a Cine Iberoamericano - |y 1990-1999 | ||
| 650 | |a Cine Iberoamericano - |y Siglo XX | ||
| 650 | |a Cine Norteamericano - |x Ciclos y Retrospectivas | ||
| 650 | |a Cine Norteamericano - |y Siglo XX | ||
| 650 | |a Cine - |z Guadalajara, Jalisco - |x Festivales - |x Catálogos - |x Tema Principal | ||
| 650 | |a Cine - |z México - |x Festivales - |x Catálogos | ||
| 650 | |a Cine - |x Festivales - |x Catálogos | ||
| 650 | |a Rodríguez, Ismael | ||
| 910 | |a Fondo General | ||
| 920 | |a Impresos - Libros | ||
| 930 | |a Libros Antiguos y Raros | ||
| 905 | |a 108 | ||
| 901 | |a 0500016004 |b IT2 |c LRA |u 20250526 | ||
| 902 | |a https://opac.biblio.iteso.mx/vufind/Record/000049280 | ||